|
|
|
|
| LEADER |
00000nam a2200000 a 4500 |
| 001 |
UCH5223 |
| 003 |
CL-VaPUC |
| 008 |
091008e19940000CL |||||||||||||||||spa|d |
| 082 |
0 |
4 |
|a 770.983
|b UNI
|2 21
|
| 110 |
2 |
|
|a Universidad José Santos Ossa
|e author
|9 541492
|
| 245 |
1 |
0 |
|a Antofagasta portada de la historia: archivo fotográfico histórico
|
| 300 |
|
|
|a 54 p
|
| 942 |
|
|
|c BK
|
| 945 |
|
|
|d 20091008 00:00:00
|a rbrito
|
| 260 |
|
|
|a Iquique
|b Mallku
|c 1994
|
| 650 |
|
0 |
|a Fotografías artísticas
|9 535989
|
| 650 |
|
7 |
|a HISTORIA DE ANTOFAGASTA
|2 CL-VaPUC
|9 541493
|
| 650 |
|
0 |
|a Iconografía
|9 267998
|
| 651 |
|
7 |
|a ANTOFAGASTA
|2 CL-VaPUC
|9 319270
|
| 583 |
|
|
|a last modification
|c 20091008 00:00:00
|k Rodrigo Vera
|
| 999 |
|
|
|c 336405
|d 336403
|
| 952 |
|
|
|0 0
|1 0
|4 0
|6 770_983000000000000_UNI_1994
|7 0
|8 X
|9 427671
|a FDOBUD
|b FDOBUD
|d 2019-11-22
|i 4605152
|o 770.983 UNI 1994
|p 4605152
|r 2019-11-22
|w 2019-11-22
|y BK_X
|k BUD
|